000171085 001__ 171085
000171085 005__ 20260506144057.0
000171085 0248_ $$2sideral$$a73466
000171085 037__ $$aART-2008-73466
000171085 041__ $$aspa
000171085 100__ $$aTremosa Luño, María
000171085 245__ $$aManual de Educación para la Ciudadanía (Tercer ciclo de Educación Primaria). Una propuesta del alumnado de Magisterio de la Universidad de Zaragoza.
000171085 260__ $$c2008
000171085 5060_ $$aAccess copy available to the general public$$fUnrestricted
000171085 540__ $$9info:eu-repo/semantics/openAccess$$aby-nc-sa$$uhttps://creativecommons.org/licenses/by-nc-sa/4.0/deed.es
000171085 655_4 $$ainfo:eu-repo/semantics/article$$vinfo:eu-repo/semantics/publishedVersion
000171085 700__ $$aVicente Sansegundo, Marta
000171085 700__ $$aAldea Yus, Leticia
000171085 700__ $$aPérez Zubiri, Eva
000171085 700__ $$aArbués Pinilla, Elisa
000171085 700__ $$aLorenzo Laliena Nerín, Félix
000171085 700__ $$aLasaosa Pelay, Isabel
000171085 700__ $$aBecerril Bonacilla, Mireia
000171085 700__ $$aFransi Moral, Marina
000171085 700__ $$aMartín Gracia, María Isabel
000171085 700__ $$aReyes Ballester, Laura
000171085 700__ $$aCorona, Marina
000171085 700__ $$aDíaz Aragón, María Paz
000171085 700__ $$aRevilla Martínez, Manuel
000171085 700__ $$aArroyo Arcos, Mireia
000171085 700__ $$aMur Llobeto, Laia
000171085 700__ $$0(orcid)0000-0002-6757-7598$$aRivero Gracia , María Pilar (coord.)$$uUniversidad de Zaragoza
000171085 700__ $$0(orcid)0000-0003-4425-0864$$aPelegrín Campo, Julián (coord.)$$uUniversidad de Zaragoza
000171085 7102_ $$14006$$2210$$aUniversidad de Zaragoza$$bDpto. Didác.Leng.y CC.HH.y SS.$$cÁrea Didáctica Ciencias Socia.
000171085 773__ $$g34 (2008), 68$$pClío (Valencia)$$tClío (Valencia)$$x1139-6237
000171085 8564_ $$s5833081$$uhttps://zaguan.unizar.es/record/171085/files/texto_completo.pdf$$yVersión publicada
000171085 8564_ $$s1764603$$uhttps://zaguan.unizar.es/record/171085/files/texto_completo.jpg?subformat=icon$$xicon$$yVersión publicada
000171085 909CO $$ooai:zaguan.unizar.es:171085$$particulos$$pdriver
000171085 951__ $$a2026-05-06-13:58:16
000171085 980__ $$aARTICLE